000 01003nam a22002537a 4500
008 130821s1993 xxu gr eng
020 _a0679600477
040 _aCo-BoUCM
_bspa
041 0 0 _aeng
100 1 _aJacobs, Jane
_d1916-2006.
_938811
245 1 4 _aThe death and life of great American cities
_cJane Jacobs
260 _aNueva York (Estados Unidos)
_bModern Library
_c1993
300 _axxiv, 598 páginas
500 _aIncluye índice.
650 0 4 _aPolítica urbana
_zEstados Unidos
_9102740
650 0 4 _aRehabilitación urbana
_zEstados Unidos
_938812
650 0 4 _aSociología
_9386
650 0 4 _aUrbanismo
_zEstados Unidos
_9102860
856 4 1 _3Texto
_uhttp://www.loc.gov/catdir/samples/random044/92032407.html
856 4 2 _3Biografía
_uhttp://www.loc.gov/catdir/bios/random051/92032407.html
856 4 2 _3Publicador
_uhttp://www.loc.gov/catdir/description/random0411/92032407.html
942 _cLIBRO
_a5
_e1
_mJ171d
_2DEWEY
_h307.760973
999 _c89815
_d89815